Querido Jesús: Recursos didácticos. Educación básica
Gespeichert in:
| Hauptverfasser: | , |
|---|---|
| Format: | Buch |
| Sprache: | Spanisch |
| Veröffentlicht: |
Santiago
SM
1998
|
| Ausgabe: | 1a. ed |
| Schriftenreihe: | Religión católica, 4
|
| Schlagworte: | |
| Tags: |
Tag hinzufügen
Keine Tags, Fügen Sie den ersten Tag hinzu!
|
MARC
| LEADER | 00000nam a2200000 a 4500 | ||
|---|---|---|---|
| 001 | UCH8072 | ||
| 003 | CL-VaPUC | ||
| 008 | 091127e19980000CL |||||||||||||||||spa|d | ||
| 020 | |a 9562641058 | ||
| 082 | 0 | 4 | |a 372.84 |b GAR |2 21 |
| 100 | |a García de Dios, Joaquín María |e author |9 544898 | ||
| 700 | 0 | |a Menéndez-Ponte, María |e author |9 544475 | |
| 245 | 1 | 0 | |a Querido Jesús: Recursos didácticos. Educación básica |
| 250 | |a 1a. ed | ||
| 300 | |a 72 p | ||
| 942 | |c BK | ||
| 945 | |d 20091127 00:00:00 |a ccalabra | ||
| 260 | |a Santiago |b SM |c 1998 | ||
| 650 | 0 | |a Iglesia Católica |9 256114 | |
| 650 | 0 | |a Catolicismo |9 258690 | |
| 650 | 0 | |a Cristianismo |9 257361 | |
| 650 | 7 | |a EDUCACION CRISTIANA |2 CL-VaPUC |9 308333 | |
| 650 | 0 | |a Educación religiosa |9 308312 | |
| 650 | 0 | |a Vida cristiana |9 258753 | |
| 650 | 0 | |a Religión católica |9 399371 | |
| 650 | 0 | |a Educación |9 258661 | |
| 650 | 0 | |a Educación básica |9 224933 | |
| 583 | |a last modification |c 20091127 00:00:00 |k Rodrigo Vera | ||
| 490 | 0 | |a Religión católica, 4 | |
| 999 | |c 338323 |d 338321 | ||